| 000 | 01452nam0a2200301 4500 | ||
|---|---|---|---|
| 001 | RU\NLR\bibl\2962 | ||
| 005 | 20260406042047.0 | ||
| 021 |
_aRU _b98-617 _933 |
||
| 035 | _a(NLR Aleph) 000002851 | ||
| 090 |
_a5360 _c5360 |
||
| 100 | _a19980709d1997 |||y0rusy50 ca | ||
| 101 | 0 | _arus | |
| 102 | _aRU | ||
| 105 | _a||||||||||||| | ||
| 200 | 1 |
_aОбеспечение законности в деятельности милиции _eУчеб. пособие _fП.П. Веденкин, А.В. Черепанов _gЧеляб. юрид. ин-т М-ва внутр. дел Рос. Федерации |
|
| 210 |
_aЧелябинск _cЮрид. ин-т _d1997 |
||
| 215 |
_a47 с. _d20 |
||
| 320 | _aБиблиогр. в подстроч. примеч. | ||
| 606 | 0 |
_aМилиция _jРуководства, пособия и т.п. _xСоблюдение законности _92075488 _3RU\NLR\auth\661250563 |
|
| 606 | 0 |
_aМилиция _jУчебные издания _xСоблюдение законности _92075488 _3RU\NLR\auth\661250563 |
|
| 686 | _aХ621.163.1-27я7 | ||
| 700 | 1 |
_4070 _8rus _7ca _aВеденкин _bП. П. _gПетр Павлович _3RU\NLR\auth\772361 _9112375 |
|
| 701 | 1 |
_4070 _8rus _7ca _aЧерепанов _bА. В. _cюрист _gАлександр Владимирович _3RU\NLR\auth\772362 _9112376 |
|
| 801 | 0 |
_aRU _bNLR _c19980709 _gPSBO |
|
| 801 | 1 |
_aRU _bNLR _c19980709 |
|
| 852 |
_aNLR _j98-4/554 |
||
| 942 | _cBOOK | ||
| 980 | _aNB | ||